Pirate Havens - Map Quiz - Statistics

General Stats
  • This quiz has been taken 27 times
  • The average score is 6 of 11
Answers on the Map
Answers color-coded by a green-red scale on the quiz's map according to % correct below.
 
Answer Stats
Answer % Correct
Nassau
87%
Tortuga
74%
Visby
70%
Ghar el-Melh
65%
Port Royal
61%
Campeche
52%
Baltimore
48%
Île Sainte-Marie
48%
Salé
39%
Saint Augustin
35%
Barataria Bay
26%
No matching quizzes found
Score Distribution
Percent of People with Each Score
Percentile by Number Answered
Your Score History
You have not taken this quiz